Cinco discursos fundamentales: Allende
שמור ב:
| פורמט: | ספר |
|---|---|
| שפה: | ספרדית |
| יצא לאור: |
Santiago
Aún Creemos en los Sueños
2008
|
| סדרה: | Selección de Artículos de Le Monde Diplomatique, 74
|
| נושאים: | |
| תגים: |
הוספת תג
אין תגיות, היה/י הראשונ/ה לתייג את הרשומה!
|
MARC
| LEADER | 00000nam a2200000 a 4500 | ||
|---|---|---|---|
| 001 | UCG6800 | ||
| 003 | CL-VaPUC | ||
| 008 | 110520e20080000CL |||||||||||||||||spa|d | ||
| 020 | |a 9789568134778 | ||
| 082 | 0 | 4 | |a 351.003 |b CIN |2 21 |
| 245 | 1 | 0 | |a Cinco discursos fundamentales: Allende |
| 300 | |a 74 p | ||
| 942 | |c BK | ||
| 945 | |d 20110520 00:00:00 |a jcampos | ||
| 260 | |a Santiago |b Aún Creemos en los Sueños |c 2008 | ||
| 600 | 0 | |a Allende Gossens, Salvador, |d 1908-1973 |9 257222 | |
| 650 | 0 | |a Discursos políticos |9 373524 | |
| 650 | 0 | |a Política y gobierno |9 255151 | |
| 650 | 0 | |a Presidentes de Chile |9 268293 | |
| 650 | 7 | |a DISCURSOS PRESIDENCIALES |2 CL-VaPUC |9 526947 | |
| 583 | |a last modification |c 20110520 00:00:00 |k Rodrigo Vera | ||
| 490 | 0 | |a Selección de Artículos de Le Monde Diplomatique, 74 | |
| 999 | |c 344932 |d 344930 | ||
| 952 | |0 0 |1 0 |4 0 |6 351_003000000000000_CIN_2008 |7 0 |8 A |9 443291 |a BIBHIS |b BIBHIS |d 2019-11-22 |i 4777689 |o 351.003 CIN 2008 |p 4777689 |r 2025-01-20 |w 2019-11-22 |y BK |k HIS | ||